Normal view
MARC view
- Baez Joan
Entry Personal Name
001 - CONTROL NUMBER
- control field: 1166
003 - CONTROL NUMBER IDENTIFIER
- control field: IT-RoPau
005 - DATE AND TIME OF LATEST TRANSACTION
- control field: 20131107125001.0
008 - FIXED-LENGTH DATA ELEMENTS
- fixed length control field: 131107|| aca||aabn | a|a d
040 ## - CATALOGING SOURCE
- Original cataloging agency: IT-RoPau
- Transcribing agency: IT-RoPau
100 ## - HEADING--PERSONAL NAME
- Personal name: Baez Joan
- Miscellaneous information: Codice interprete SPICS: 9679
- Relator term: Interprete
670 ## - SOURCE DATA FOUND
- Source citation: Work cat.: (IT-RoPau)100181: Anonimo 883, Joan Baez II (Lp Sval 33.002)